La fetichización de las relaciones sociales y los procesos revolucionarios /

Uloženo v:
Podrobná bibliografie
Hlavní autor: Kempeneers, Marianne
Další autoři: Campanario Spinola, Paulo Alberto
Médium: Text
Vydáno: Montreal :
Témata:
Tagy: Přidat tag
Žádné tagy, Buďte první, kdo vytvoří štítek k tomuto záznamu!

MARC

LEADER 00000 a a2200000 04500
001 15811
003
040
090 |a 015900  
100 |a Kempeneers, Marianne  
245 |a La fetichización de las relaciones sociales y los procesos revolucionarios /  |c Marianne Kempeneers 
260 |a Montreal :  
300 |a 18 p.  
650 |a REACIONES ENTRE LOS GRUPOS  
650 |a REVOLUCION  
700 |a Campanario Spinola, Paulo Alberto  
999 |c 14916  |d 14916